Palomita : (Record no. 11144)

000 -CABECERA
fixed length control field 00592nam a22001817a 4500
003 - IDENTIFICADOR DEL NÚMERO DE CONTROL
control field AR-CdUCM
008 - DATOS DE LONGITUD FIJA--INFORMACIÓN GENERAL
fixed length control field 190403b ||||| |||| 00| 0 spa d
040 ## - FUENTE DE LA CATALOGACIÓN
Agencia/entidad que catalogó originalmente la obra MUNICIPALIDAD PROVINCIAL DEL CUSCO
Entidad que transcribió la catalogación BIBLIOTECA MUNICIPAL DEL CUSCO
082 ## - NÚMERO DE LA CLASIFICACIÓN DECIMAL DEWEY
No. de Clasificación EP / 372.460 /
Notacion interna M61
110 ## - ENTRADA PRINCIPAL--NOMBRE DE ENTIDAD CORPORATIVA
Nombre de la institución, jurisdicción como entrada principal Ministerio de educación.
9 (RLIN) 7870
245 ## - MENCIÓN DE TÍTULO
Título Palomita :
Resto del título Cuaderno de escritura /
260 ## - PUBLICACIÓN, DISTRIBUCIÓN, ETC.
Lugar de publicación, distribución, etc. Lima :
Nombre de la editorial, distribuidor, etc. Ministerio de educación,
Fecha de publicación, distribución, etc. 1989.
300 ## - DESCRIPCIÓN FÍSICA
Nº de Páginas Extensión 80 paginas
Dimensiones 27 cm.
505 ## - NOTA DE CONTENIDO CON FORMATO
Nota de contenido formateada Contenido :Cuaderno de escritura.
650 ## - PUNTO DE ACCESO ADICIONAL DE MATERIA--TÉRMINO DE MATERIA
Descriptor Educación primaria
9 (RLIN) 1561
942 ## - ELEMENTOS DE PUNTO DE ACCESO ADICIONAL (KOHA)
Fuente de clasificación
Tipo de item Libros-BMC
945 ## - PROCESAMIENTO DE INFORMACIÓN LOCAL (OCLC)
Catalogador rum
AAAA-MM-DD - Fecha de ingreso o modificacion 2019-04-05
Holdings
Estado de retiro (separado) Fuente de clasificación o esquema de estanterías Estado dañado Ubicación Sala donde se ubica Nombre de la colección Fecha de adquisición o compra Costo, precio normal en soles Signatura topográfica Código de Barras Última vez visto (Koha) Tipo de ítem (Koha)
No     Sala de Infantes Sala de Infantes Children's Area 2019-04-03 6.00 PI / 372.460 / M61 SI00000864 2019-04-03 Libros-BMC
No     Sala de Infantes Sala de Infantes Children's Area 2019-04-03 6.00 PI / 372.460 / M61 / e.2 SI00000865 2019-04-03 Libros-BMC
No     Sala de Infantes Sala de Infantes Children's Area 2019-04-05 6.00 PI / 372.460 / M61 / e.3 SI00001297 2019-04-05 Libros-BMC
No     Sala de Infantes Sala de Infantes Children's Area 2019-04-26 6.00 PI / 372.460 / M61 / e.4 SI00003688 2019-04-26 Libros-BMC
No     Sala de Infantes Sala de Infantes Children's Area 2019-04-26 6.00 PI / 372.460 / M61 / e.5 SI00003689 2019-04-26 Libros-BMC

Powered by Koha